1032 1993 1384 1482 1031 1389 1483 1663 1809 1009 1146 1427 1511 1977 1382 1763 1083 1852 1606 1836 1969 1942 1973 1949 1579 1696 1466 1312 1921 1498 1301 1717 1015 1852 1902 1258 1913 1320 1805 1667 1227 1109 1486 1671 1709 1710 1430 1394 1996 1066 1933 1768 1525 1731 1357 1713 1762 1277 1243 1654 1118 1963 1791 1994 1602 1685 1385 1380 1541 1240 1510 1483 1776 1518 1709 1971 1536 1376 1290 1114 1430 1426 1251 1727 1919 1691 1920 1699 1934 1713 1389 1471 1618 1252 1216 1799 1165 1463 1032 BCNSPRNW ULIB Ver.6.0+V

เปลี่ยนเป็นภาษาไทย

Change to English
 แสดงรายละเอียดบรรณานุกรม
  กลับหน้าหลัก

Brief Record : Get Marc (ISO 2709) : E-mail record : QR code < ปิดหน้าต่าง
LEADER : 00000nam 2200000uu 4500
001    13399121817
003     ULIB
008    121207s2548||||th 000 0 tha d
020    ^a9741103867
020    ^a9789741103867
060 04 ^aWP100^bน263
245 00 ^aนรีเวชวิทยา =^bGynecology /^cบรรณาธิการ, สมบูรณ์ คุณาธิคม... [และคนอื่นๆ]
246 31 ^aGynecology
250    ^aพิมพ์ครั้งที่ 1
260    ^aกรุงเทพฯ :^bภาควิชาสูติศาสตร์-นรีเวชวิทยาคณะแพทยศาสตร์ศิริราชพยาบาล มหาวิทยาลัยมหิดล,^c2548
300    ^a464 หน้า :^bภาพประกอบ ;^c30 ซม.
650  7 ^aนรีเวชวิทยา
700 0  ^aสมบูรณ์ คุณาธิคม,^eบรรณาธิการ
945    ^p300^l0^i24740
995    ^aทศพร
999    ^aทศพร เกษรทอง
รายการนี้ยังไม่มีแท็ก
คุณยังไม่ได้ล็อกอิน คุณสามารถมีกิจกรรมร่วมกับเว็บไซต์ได้ แต่ต้องล็อกอินก่อน ::
  ล็อกอิน

รายการสื่อสารสนเทศ

ลำดับที่ ประเภท เลขเรียก/บาร์โค้ด สถานที่ สถานะ
1. วิทยาศาสตร์การแพทย์ และสุขภาพ
วิทยาศาสตร์การแพทย์ และสุขภาพ
WP100 น263 ฉ.1 
  Barcode: 24740
ห้องสมุดวิทยาเขตสวรรค์ประชารักษ์
►หนังสือทั่วไป
บนชั้น

รายการใกล้เคียง
    หัวเรื่อง [นรีเวชวิทยา]

BibComment


ยังไม่เคยถูกคอมเมนท์

คอมเมนท์ทรัพยากรรายการนี้
  คอมเมนท์: นรีเวชวิทยา Gyn..


 Copyright 2026. Bcnsprnw @Library